Future of housing is flexibility (Record no. 66054)
[ view plain ]
| 000 -LEADER | |
|---|---|
| fixed length control field | 00889cam a2200217 4500 |
| 001 - CONTROL NUMBER | |
| control field | WB3706-16 |
| 008 - FIXED-LENGTH DATA ELEMENTS--GENERAL INFORMATION | |
| fixed length control field | 000000n2001 000 0 eng u |
| 035 ## - SYSTEM CONTROL NUMBER | |
| System control number | (Sirsi) u110804 |
| 245 ## - TITLE STATEMENT | |
| Title | Future of housing is flexibility |
| 260 ## - PUBLICATION, DISTRIBUTION, ETC. | |
| Date of publication, distribution, etc. | 2001 |
| 490 ## - SERIES STATEMENT | |
| Series statement | Scotsman |
| Volume/sequential designation | 5 February 2001, 3(1) |
| 520 ## - SUMMARY, ETC. | |
| Summary, etc. | A report by the Centre for Economics and Business Research (CEBR) suggests that new models of housing such as quality bedsits, live/work units and technology-integrated 'smart home' will start to challenge the traditional view of houses and flats. The CEBR believes that the increase in homeworking and developments in technology will prompt people to choose flexible housing options. |
| 590 ## - LOCAL NOTE (RLIN) | |
| Local note | WB |
| 650 ## - SUBJECT ADDED ENTRY--TOPICAL TERM | |
| Topical term or geographic name entry element | SMART HOMES |
| 650 ## - SUBJECT ADDED ENTRY--TOPICAL TERM | |
| Topical term or geographic name entry element | LIVE-WORK SCHEMES |
| 650 ## - SUBJECT ADDED ENTRY--TOPICAL TERM | |
| Topical term or geographic name entry element | LETTINGS MARKET |
| 650 ## - SUBJECT ADDED ENTRY--TOPICAL TERM | |
| Topical term or geographic name entry element | BEDSITS |
| 650 ## - SUBJECT ADDED ENTRY--TOPICAL TERM | |
| Topical term or geographic name entry element | HOMEWORKING |
| 690 ## - LOCAL SUBJECT ADDED ENTRY--TOPICAL TERM (OCLC, RLIN) | |
| Topical term or geographic name as entry element | HOUSING |
| 942 ## - ADDED ENTRY ELEMENTS (KOHA) | |
| Suppress in OPAC | 0 |
| Withdrawn status | Lost status | Source of classification or shelving scheme | Damaged status | Not for loan | Home library | Current library | Shelving location | Date acquired | Total Checkouts | Full call number | Barcode | Date last seen | Copy number | Price effective from | Koha item type |
|---|---|---|---|---|---|---|---|---|---|---|---|---|---|---|---|
| Dewey Decimal Classification | London | London | News article | 07/02/2001 | WB3706-16 | 110804-1001 | 06/08/2019 | 1 | 06/08/2019 | News article |